Sports Quiz

Random Sports Quiz

UFC fighter nicknames 2 Quiz Stats

Quiz not verified by Sporcle

Challenge
Share
Tweet
Embed
Score 0/25 Timer 09:00
0 Plays Today
Fighter nickname Actual fighter name % Correct
ShogunMauricio Rua
91.9%
HendoDan Henderson
80.2%
RumbleAnthony Johnson
72.1%
The PhenomVitor Belfort
65.6%
Cro CopMirko Filipovic
63.2%
SemtexPaul Daley
60.3%
The AnswerFrank Edgar
59.9%
The BullyGray Maynard
59.1%
CiganoJunior Dos Santos
56.3%
Young AssassinMelvin Guillard
54.7%
Hands of StoneSam Stout
50.6%
Natural Born KillerCarlos Condit
50.2%
The DentistJosh Neer
44.5%
Fighter nickname Actual fighter name % Correct
HDPat Barry
40.1%
Stun gunDong Hyun Kim
39.3%
BatmanKurt Pellegrino
34.4%
FilthyTom Lawlor
33.6%
The PredatorPatrick Cote
33.2%
The HeatKaro Parisyan
32%
ThunderYushin Okami
30.4%
BanhaLuiz Cane
27.1%
Big DogRicardo Almeida
26.7%
TellysPaul Kelly
22.7%
Hecho en MexicoEfrain Escudero
21.5%
The Thrashing MachineTim Hague
10.9%

You're not logged in!

Compare scores with friends on all Sporcle quizzes.
Join for Free
OR
Log In

You Might Also Like...

Show Comments

Extras

Top Quizzes Today


Score Distribution

Your Account Isn't Verified!

In order to create a playlist on Sporcle, you need to verify the email address you used during registration. Go to your Sporcle Settings to finish the process.

Report this User

Report this user for behavior that violates our Community Guidelines.

Details: